CMIE: EIS (Record no. 402326)

000 -LEADER
fixed length control field 00483cam a22000977a 4500
008 - FIXED-LENGTH DATA ELEMENTS--GENERAL INFORMATION
fixed length control field 180718b-- xxu||||| |||| 00| 0 eng d
100 ## - MAIN ENTRY--PERSONAL NAME
Personal name Centre for Monitoring Indian Economy
245 ## - TITLE STATEMENT
Title CMIE: EIS
260 ## - PUBLICATION, DISTRIBUTION, ETC.
Place of publication, distribution, etc. Mumbai
Name of publisher, distributor, etc. The author
Date of publication, distribution, etc. --
500 ## - GENERAL NOTE
General note Library has 14.4.08, 12.5.08, 13.6.08, 18.6.08, 12.7.08, 18.8.08, 12.9.08, 15.10.08, 25.11.08, 19.12.08, 14.1.09, 23.2.09, 13.3.09, 13.4.09, 14.5.09, 11.6.09, 15.7.09, 10.8.09, 15.9.09, 12.10.09, 12.11.09, 14.12.09, 25.1.10, 23.2.10, 17.3.10

No items available.

Powered by Koha